Grammaticae Institvtionis Libri Septem, Vna cum carminum eiusdem succincta enucleatione, & dictionum compendiaria interpretatione. Per Sebastianvm Novimolam Duispurgensem in Compendium redacti

Bibliographic Details
Main Author: Despautere, Jean, 1460 - 1520 (Author)
Corporate Author: Mayer, Johann II. (Dillingen, Nemecko) (Printer)
Other Authors: Novimola, Sebastian (Dedicator), Mayer, Johann (Printer)
Format: Book
Language:Latin
PhysicalDescription:A8-Z8, a8-i8 [=256] listov 8° 15 cm
Published: Dilingae Excudebat Ioannes Mayer M.D.LXXXV. [=1585]
Subjects:

MARC

LEADER 00000nam a2200000 a 4500
001 vtls011835862
003 SK-MaSNL
005 20260301184147.0
008 251112 1585 gw 001 0 lat
015 |a SNBHFA1585 
020 |q (viaz.) 
035 |a urn:nbn:sk:snk-am00eepl 
035 |a urn:nbn:sk:snk-am3ihy1 
035 |a 99A4D894-8C1F-4B53-96BE-BE6289E17D8B 
040 |a SNKHF  |b slo  |c SNK  |e AACR2 
041 |a lat 
044 |a gw  |c DE 
072 7 |a 81  |x Lingvistika. Jazyky  |2 konspekt 
080 |a 81'36  |2 2011 
080 |a 81'1  |2 2011 
100 1 |a Despautere, Jean,  |d 1460 - 1520  |4 aut  |9 560364 
245 1 0 |a Grammaticae Institvtionis Libri Septem, Vna cum carminum eiusdem succincta enucleatione, & dictionum compendiaria interpretatione. Per Sebastianvm Novimolam Duispurgensem in Compendium redacti  |c Ioannis Despavterii Ninivitae 
260 |a Dilingae  |b Excudebat Ioannes Mayer  |c M.D.LXXXV. [=1585] 
300 |a A8-Z8, a8-i8 [=256] listov  |c 8°  |c 15 cm 
500 |a Vinety, iniciálky s ornamentálnym pozadím vo voľnom priestore na 7 riadkov, titulný list s červeno-čiernou tlačou, kustódy 
504 |a Marginálie 
508 |a Dedikácia: Novimola, Sebastian; Riswuch, Heinrich 
510 4 |a VD 16 D/618 
546 |a Latinčina  |b Kurzíva 
561 |a Z knižnice františkánov Bratislava.  |5 SNK ID 100806 
561 |a Proveniencia: Oválna pečiatka Bibliotheca O. FF. M. Prov. Mariae.  |5 SNK ID 100806 
563 |a Väzba: pôvodná, renesančná, bledá koža s ornamentálnou a figurálnou slepotlačou, spony.  |5 SNK ID 100806 
650 0 7 |a gramatika  |2 SNKPH  |9 865 
650 0 7 |a lingvistika  |2 SNKPH  |9 860 
700 1 |a Novimola, Sebastian  |4 dto  |9 560365 
700 1 |a Riswuch, Heinrich  |4 hnr  |9 130157 
700 1 |a Mayer, Johann  |4 prt  |9 348486 
710 1 |a Františkáni (Bratislava, Slovensko)  |4 fmo  |9 281881 
710 0 |a Mayer, Johann II. (Dillingen, Nemecko),  |d 1576-1615  |4 prt  |9 181802 
752 |a Nemecko  |d Dillingen 
852 |a snk  |b Historické fondy  |p ID 100806 
958 |a ONDV 
999 |c 859628  |d 861558 
952 |t Fr Ba 1842  |a SNK  |b SNK  |c SNK_HF  |y PREZ  |7 0  |p 17A1354482  |o snkID 100806  |i snk2019/1705  |8 5  |0 0  |1 0  |4 0  |d 2019-01-22  |f 1  |l 0  |r 2026-02-24 05:08:04  |w 2026-02-24